Loading...

Sanskritswadhyaya prathama deeksha Vaakyavyavaharaha

Bibliographic Details
Main Author: Vempaty Kutumba Sastry
Format: Printed Book
Published: New Delhi Rashtriya Sanskrit Sansthan 2007
Subjects:
LEADER 00615nam a22001691a 4500
020 |c 0.00 
040 |a SSUS - Library - Kalady 
082 |a S491.25  |b VEM/V 
100 |a Vempaty Kutumba Sastry 
245 |a Sanskritswadhyaya prathama deeksha Vaakyavyavaharaha  |h [Text] 
260 |a New Delhi  |b Rashtriya Sanskrit Sansthan  |c 2007 
300 |a 488p. 
600 |a Grammar Sanskrit 
852 |h S491.25  |i VEM/V  |p 056749  |9 200.00  |t 0 
942 |c BK 
999 |c 40548  |d 40548 
952 |0 0  |1 0  |4 0  |6 S_491_250000000000000_VEM_V  |7 0  |9 58840  |a SSUS  |b SSUS  |d 2015-01-08  |g 200.00  |l 6  |o S491.25 VEM/V  |p 056749  |r 2018-07-06  |s 2018-06-21  |v 0.00  |w 2015-01-08  |y BK